将棋歴代棋王クイズ - Statistics

General Stats
  • This quiz has been taken 7 times
  • The average score is 40 of 50
Answer Stats
年度 棋聖 % Correct
50 2024 藤井聡太
100%
49 2023 藤井聡太
100%
48 2022 藤井聡太
100%
30 2004 羽生善治
100%
29 2003 谷川浩司
100%
27 2001 羽生善治
100%
26 2000 羽生善治
100%
25 1999 羽生善治
100%
24 1998 羽生善治
100%
23 1997 羽生善治
100%
22 1996 羽生善治
100%
21 1995 羽生善治
100%
20 1994 羽生善治
100%
19 1993 羽生善治
100%
18 1992 羽生善治
100%
17 1991 羽生善治
100%
16 1990 羽生善治
100%
13 1987 谷川浩司
100%
11 1985 谷川浩司
100%
9 1983 米長邦雄
100%
8 1982 米長邦雄
100%
7 1981 米長邦雄
100%
6 1980 米長邦雄
100%
5 1979 中原誠
100%
4 1978 米長邦雄
100%
47 2021 渡辺明
83%
46 2020 渡辺明
83%
45 2019 渡辺明
83%
44 2018 渡辺明
83%
43 2017 渡辺明
83%
42 2016 渡辺明
83%
41 2015 渡辺明
83%
40 2014 渡辺明
83%
39 2013 渡辺明
83%
38 2012 渡辺明
83%
31 2005 森内俊之
83%
33 2007 佐藤康光
67%
32 2006 佐藤康光
67%
3 1977 加藤一二三
67%
2 1976 加藤一二三
67%
15 1989 南芳一
50%
14 1988 南芳一
50%
37 2011 郷田真隆
33%
28 2002 丸山忠久
33%
12 1986 高橋道雄
33%
36 2010 久保利明
17%
35 2009 久保利明
17%
34 2008 久保利明
17%
10 1984 桐山清澄
17%
1 1975 大内延介
17%
No matching quizzes found
Score Distribution
Percent of People with Each Score
Percentile by Number Answered
Your Score History
You have not taken this quiz